VACACIONANDO POR QUERÉTARO (Registro nro. 68618)

Detalles MARC
000 -CABECERA
campo de control de longitud fija 00640nam a22002177a 4500
003 - IDENTIFICADOR DEL NÚMERO DE CONTROL
campo de control BPGM
008 - DATOS DE LONGITUD FIJA--INFORMACIÓN GENERAL
campo de control de longitud fija 260617s mx ab||gr|||| 0|| | SPA||
020 ## - NÚMERO INTERNACIONAL ESTÁNDAR DEL LIBRO
Número Internacional Estándar del Libro SIN ISBN
040 ## - FUENTE DE LA CATALOGACIÓN
Lengua de catalogación spa
041 ## - CÓDIGO DE LENGUA
Código de lengua del texto/banda sonora o título independiente SPA
Código de lengua original SPA
082 04 - NÚMERO DE LA CLASIFICACIÓN DECIMAL DEWEY
Número de edición SEGUNDA EDICIÓN
Número de clasificación CQ / 263.925 / R62
Número de documento/Ítem R62
100 ## - ENTRADA PRINCIPAL--NOMBRE DE PERSONA
Nombre de persona ROA TORRES, RAFAEL
245 ## - MENCIÓN DE TÍTULO
Título VACACIONANDO POR QUERÉTARO
Resto del título EN SEMANA SANTA
260 ## - PUBLICACIÓN, DISTRIBUCIÓN, ETC.
Lugar de publicación, distribución, etc. QUERÉTARO, MÉXICO
Nombre del editor, distribuidor, etc. QUERÉTARO
Fecha de publicación, distribución, etc. 1994
300 ## - DESCRIPCIÓN FÍSICA
Extensión 87 PÁGINAS;
Dimensiones 22.8 CM X 17 CM
336 ## - TIPO DE CONTENIDO
Fuente rdacontent
Término de tipo de contenido texto
Código de tipo de contenido txt
337 ## - TIPO DE MEDIO
Fuente rdamedia
Nombre/término del tipo de medio sin mediación
Código del tipo de medio n
338 ## - TIPO DE SOPORTE
Fuente rdacarrier
Nombre/término del tipo de soporte volumen
Código del tipo de soporte nc
650 ## - PUNTO DE ACCESO ADICIONAL DE MATERIA--TÉRMINO DE MATERIA
Término de materia o nombre geográfico como elemento de entrada TURISMO
Subdivisión de forma 263
Subdivisión general 200
Subdivisión cronológica 60
Subdivisión geográfica 3
942 ## - ELEMENTOS DE PUNTO DE ACCESO ADICIONAL (KOHA)
Fuente del sistema de clasificación o colocación Dewey Decimal Classification
Tipo de ítem Koha Colección Querétaro

No hay ítems disponibles.